000 00633nam a2200229Ia 4500
003 OSt
005 20221006164158.0
006 a|||||r|||| 00| 0
007 ta
008 221006b |||||||| |||| 00| 0 hin d
024 _a4,441
037 _cTextual
040 _aFML
_cFML
_bhin
041 _2hin
_ahin
082 _aO15:gx1, 1, 3, 152KY
100 _aChaturvedi Sita Ram Au.
_9676770
245 0 _aAbhinav Natya Shastra
260 _aAllahabad
_bKitab Mahal India
_c1964
300 _a662
_ccm.
942 _hO15:gx1, 1, 3, 152KY
_cTEXL
_2CC
999 _c1116425
_d1116425